000 00720nam a2200217Ia 4500
003 GCL
005 20240530103704.0
008 140319s9999 xx 000 0 ara d
020 _a9770209686
040 _aGCL /
_cGCL
082 0 4 _a953
_bا ت
100 1 _aاحمد فؤاد باشا
245 1 0 _aالتراث العلمى للحضارة الاسلامية و مكانته فى تاريخ العلم و الحضارة /
_cاحمد فؤاد باشا
250 _aط2
260 _aالقاهرة :
_bدار المعارف ،
_c1984
300 _a200 ص؛
_c24 سم
650 0 4 _aالحضارة
650 0 4 _aالثقافة الاسلامية
650 0 4 _aالحضارة الاسلامية
942 _2ddc
_cBK
999 _c41694
_d41694